书目信息 |
| 题名: |
错箱记
|
|
| 作者: | 斯蒂文森 , 奥士本 著 ;吴钧陶 译 | |
| 分册: | ||
| 出版信息: | 南京 译林出版社 2022.04 |
|
| 页数: | 240页 | |
| 开本: | 21cm | |
| 丛书名: | ||
| 单 册: | ||
| 中图分类: | I561.44 , I561.44 | |
| 科图分类: | ||
| 主题词: | 长篇小说--chang pian xiao shuo--英国--近代 , 长篇小说--chang pian xiao shuo--美国--近代 | |
| 电子资源: | ||
| ISBN: | 978-7-5447-8849-6 | |
| 000 | 01542nam0 2200301 450 | |
| 001 | 011025154517 | |
| 005 | 20221025154517.0 | |
| 010 | @a978-7-5447-8849-6@dCNY53.80 | |
| 100 | @a20201004d2022 em y0chiy0110 ea | |
| 101 | 1 | @achi@ceng |
| 102 | @aCN@b320000 | |
| 105 | @aa z 000ay | |
| 106 | @ar | |
| 200 | 1 | @a错箱记@Acuo xiang ji@f(英) 罗伯特·路易斯·史蒂文森, (美) 劳埃德·奥斯本著@g吴钧陶译 |
| 210 | @a南京@c译林出版社@d2022.04 | |
| 215 | @a240页@c图@d21cm | |
| 300 | @a双语经典 | |
| 312 | @a封面英文题名:The wrong box | |
| 330 | @a《错箱记》属于“双语译林”系列丛书,是英国作家罗伯特·路易斯·史蒂文森和他的继子奥斯本合著的一本小说,讲述了一个装尸体的木箱被调换送错了的离奇故事。莫里斯与约翰为了得到二伯父的一笔养老金,便把他看管起来,望他长寿。二伯父约瑟夫却受不了这拘束生活,趁一次火车出事之机逃之夭夭,莫里斯兄弟误认了一具尸体,认为二伯父已死,便将尸体装入一只大木桶运回家去,企图封锁消息,制造二伯父未死的假象。谁知尸体在运送途中被人调换,在不同的人手里推来送去,加之莫里斯的堂兄从中作祟,演出了一幕幕令人捧腹的笑剧,酿成了一个出人意外的结局……本书买中文版赠英文版。 | |
| 510 | 1 | @aWrong box@zeng |
| 606 | 0 | @a长篇小说@Achang pian xiao shuo@y英国@z近代 |
| 606 | 0 | @a长篇小说@Achang pian xiao shuo@y美国@z近代 |
| 690 | @aI561.44@v5 | |
| 690 | @aI561.44@v5 | |
| 701 | 0 | @c(英)@a斯蒂文森@Asi di wen sen@g(Stevenson, Robert Louis@f1850-1894)@4著 |
| 701 | 0 | @c(美)@a奥士本@Aao shi ben@g(Osbourne, Lloyd@f1868-1947)@4著 |
| 702 | 0 | @a吴钧陶@Awu jun tao@f(1927-)@4译 |
| 905 | @a河南城建学院图书馆@dI561.44@eL936 | |
| 错箱记/(英) 罗伯特·路易斯·史蒂文森, (美) 劳埃德·奥斯本著/吴钧陶译.-南京:译林出版社,2022.04 |
| 240页:图;21cm |
| 双语经典 |
| ISBN 978-7-5447-8849-6:CNY53.80 |
| 《错箱记》属于“双语译林”系列丛书,是英国作家罗伯特·路易斯·史蒂文森和他的继子奥斯本合著的一本小说,讲述了一个装尸体的木箱被调换送错了的离奇故事。莫里斯与约翰为了得到二伯父的一笔养老金,便把他看管起来,望他长寿。二伯父约瑟夫却受不了这拘束生活,趁一次火车出事之机逃之夭夭,莫里斯兄弟误认了一具尸体,认为二伯父已死,便将尸体装入一只大木桶运回家去,企图封锁消息,制造二伯父未死的假象。谁知尸体在运送途中被人调换,在不同的人手里推来送去,加之莫里斯的堂兄从中作祟,演出了一幕幕令人捧腹的笑剧,酿成了一个出人意外的结局……本书买中文版赠英文版。 |
| ● |
| 相关链接 |
|
|
|
正题名:错箱记
索取号:I561.44/L936
 
预约/预借
| 序号 | 登录号 | 条形码 | 馆藏地/架位号 | 状态 | 备注 |
| 1 | 1590517 | 215905171 | 文学库116/116文学库 20排3列3层/ [索取号:I561.44/L936] | 在馆 | |
| 2 | 1590518 | 215905180 | 文学库116/116文学库 20排3列3层/ [索取号:I561.44/L936] | 在馆 |